Centrum chorvátskej kultúry, Jarovce

Na minha lista:
Detalhes bibliográficos
Autor principal: Mihalčíková, Nina (Author)
Outros Autores: Rolenčíková, Gabriela (Thesis advisor)
Formato: Manuscrito Livro
Idioma:eslovaco
Publicado em: 2025
Assuntos:
Acesso em linha:http://is.stuba.sk/zp/portal_zp.pl?podrobnosti=161941
Tags: Adicionar Tag
Sem tags, seja o primeiro a adicionar uma tag!

MARC

LEADER 00000ntm a22000003a 4500
001 stuzp105186
003 SK-STU
005 20250614213654.7
007 ta
008 150427s2015----xo-----f-mn---000-0-slo-d
040 |a STU  |b slo 
041 0 |a slo 
100 1 |a Mihalčíková, Nina  |u 054140  |4 aut  |U FAD Fakulta architektúry a dizajnu  |T FAD Ústav konštrukcií v architektúre a inžinierskych stavieb  |X 110200  |U A4140  |Y 395  |7 110200 
242 0 1 |a Croatian Cultural Center, Jarovce  |y eng 
245 1 0 |a Centrum chorvátskej kultúry, Jarovce 
260 |c 2025 
650 4 |a ecology  |2 eng 
650 4 |a inclusion  |2 eng 
650 4 |a cultural center  |2 eng 
650 4 |a architecture  |2 eng 
650 4 |a public space  |2 eng 
650 4 |a Jarovce  |2 eng 
650 4 |a architektúra  |2 slo 
650 4 |a Jarovce  |2 slo 
650 4 |a inklúzia  |2 slo 
650 4 |a verejný priestor  |2 slo 
650 4 |a kultúrne centrum  |2 slo 
650 4 |a ekológia  |2 slo 
700 1 |a Rolenčíková, Gabriela  |u 054140  |k Z9  |4 ths  |U FAD Fakulta architektúry a dizajnu  |T FAD Ústav konštrukcií v architektúre a inžinierskych stavieb  |X 49516  |U A4140  |Y 395  |7 49516 
856 4 |u http://is.stuba.sk/zp/portal_zp.pl?podrobnosti=161941